Návrh opatrení na zlepšenie OEE v čiastočne automatizovanej montáži v ZF Slovakia, a.s.

Guardado en:
Detalles Bibliográficos
Autor principal: Ďuriš, Jakub (Autor)
Otros Autores: Holubek, Radovan (Orientador)
Formato: Manuscrito Libro
Lenguaje:eslovaco
Publicado: 2017
Materias:
Acceso en línea:http://is.stuba.sk/zp/portal_zp.pl?podrobnosti=126799
Etiquetas: Agregar Etiqueta
Sin Etiquetas, Sea el primero en etiquetar este registro!

MARC

LEADER 00000ntm a22000003a 4500
001 stuzp62322
003 SK-STU
005 20170624211439.1
007 ta
008 150427s2015----xo-----f-mn---000-0-slo-d
040 |a STU  |b slo 
041 0 |a slo 
100 1 |a Ďuriš, Jakub  |u 063000  |4 aut  |U MTF Materiálovotechnologická fakulta  |T MTF Ústav výrobných technológií  |X 47005  |U M3000  |Y 83  |7 47005 
242 0 1 |a Proposal actions for the improve OEE in the partially automated assembly in ZF Slovakia, a.s.  |y eng 
245 1 0 |a Návrh opatrení na zlepšenie OEE v čiastočne automatizovanej montáži v ZF Slovakia, a.s. 
260 |c 2017 
650 4 |a montáž  |2 slo 
650 4 |a montážne zariadenia  |2 slo 
650 4 |a výrobný systém  |2 slo 
650 4 |a celková efektívnosť zariadenia  |2 slo 
650 4 |a assembly  |2 eng 
650 4 |a assembly equipment  |2 eng 
650 4 |a production system  |2 eng 
650 4 |a Overall Equipment Effectiveness  |2 eng 
700 1 |a Holubek, Radovan  |u 063000  |k Z2  |4 ths  |U MTF Materiálovotechnologická fakulta  |T MTF Ústav výrobných technológií  |X 4311  |U M3000  |Y 83  |7 A000004311 
856 4 |u http://is.stuba.sk/zp/portal_zp.pl?podrobnosti=126799 
996 |c M* DP-13006  |l MMSKP  |s P  |a 0  |w stuzp62322_0001